000 00862nam a22002297a 4500
999 _c21389
_d21389
003 AR-CdUCM
008 190524b ||||| |||| 00| 0 eng d
020 _a9788490352922
040 _aMUNICIPALIDAD PROVINCIAL DEL CUSCO
_cBIBLIOTECA MUNICIPAL DEL CUSCO
082 _a658.8/K87M
_bK87M
_2sexta
100 _aKotler, Philip
_940380
245 _aMarketing turístico /
260 _aMadrid ;
_bPearson,
_c2015.
300 _a704 Páginas. :
_bilustraciones ;
_c19x25 cm.
505 _aContenido: Proceso de comprensión del proceso de maketing turístico -- Identificación de oportunidades y diseño de una estrategia de marketing -- Desarrollo del marketing mix para turismo ...
650 _aAdministración
_944605
650 _aMarketing
_912422
650 _aTurismo
_944610
700 _aBowen, John T
_944611
942 _2ddc
_cLIBROS
945 _aRoel